000 00638nam a2200217Ia 4500
005 20260119125035.0
008 008 260114s9999 xx 000 0 eng d
020 _a9789353507459
037 _aEBOOK
040 _aCRL
_beng
_cCRL
041 _aeng
_2eng
084 _qCRL
100 _aJere Brophy
_9898824
245 0 _aPowerful Social Studies for Elementary Students
260 _bCengage
_c2018
650 _aEducation
_9898825
700 _aJanet AllemanAnne-Lise Halvorsen
_9898826
856 _uhttps://cengageindiaelibrary.ipublishcentral.net/product-details/477810
942 _cEBOOK
999 _c1491000
_d1491000